00451nam a22001577a 450000500170000000800410001702000150005804100130007308200150008610000130010124500520011425000190016626000560018530000260024165000260026720231102144326.0231102b |||||||| |||| 00| 0 eng d a0409033040 aEnglish  a346.6 HEN  lEnglish  aHenochsberg on the Companies Act / cPM Meskin  aFifth Edition  aDurban : bButterworth Publishers (Pty) Ltd, c1994 b159 pages ; c26 cm.  aLegal practice bLaw